UBT Library

Risk and the smart investor : (Record no. 909)

000 -LEADER
fixed length control field 00577nam a22001817a 4500
008 - FIXED-LENGTH DATA ELEMENTS--GENERAL INFORMATION
fixed length control field 150527b xxu||||| |||| 00| 0 eng d
020 ## - INTERNATIONAL STANDARD BOOK NUMBER
International Standard Book Number 9780071743495
041 0# - LANGUAGE CODE
Language code of text/sound track or separate title eng
080 ## - UNIVERSAL DECIMAL CLASSIFICATION NUMBER
Universal Decimal Classification number 332
100 ## - Rafti
Rafti Martin, David X.
245 ## - TITLE STATEMENT
Title Risk and the smart investor :
Statement of responsibility, etc David X. Martin.
260 ## -
-- New York :
-- McGraw-Hill Professional,
-- c2011.
300 ## -
-- 262 f
-- 24 cm.
500 ## -
-- preface:f V-XXI
650 ## -
-- Investment analysis.
650 ## -
-- Risk assessment.
942 ## - ADDED ENTRY ELEMENTS (KOHA)
Source of classification or shelving scheme
Item type Books

No items available.

UBT Library © 2015-2024. All rights reserved University Education for Business and Technology